| 000 | 00404nam a2200133Ia 4500 | ||
|---|---|---|---|
| 005 | 20210429153918.0 | ||
| 008 | 210429s9999 xx 000 0 und d | ||
| 082 | _aMTL-MS AL/AA | ||
| 100 |
_aSyed Arif Ali Shah _954732 |
||
| 245 | _aEvaluation and Elimination of Defects in Glass to Metal Sealing Used in Aerospace Applications | ||
| 260 |
_aISLAMABAD _bSCME _c2008 |
||
| 300 | _a75P | ||
| 942 |
_2ddc _cREF |
||
| 999 |
_c561154 _d561154 |
||